<?xml version="1.0" encoding="UTF-8"?><?xml-stylesheet type="text/xsl" href="static/style.xsl"?><OAI-PMH xmlns="http://www.openarchives.org/OAI/2.0/" xmlns:xsi="http://www.w3.org/2001/XMLSchema-instance" xsi:schemaLocation="http://www.openarchives.org/OAI/2.0/ http://www.openarchives.org/OAI/2.0/OAI-PMH.xsd"><responseDate>2026-04-18T02:24:50Z</responseDate><request verb="GetRecord" identifier="oai:riubu.ubu.es:10259/8352" metadataPrefix="marc">https://riubu.ubu.es/oai/request</request><GetRecord><record><header><identifier>oai:riubu.ubu.es:10259/8352</identifier><datestamp>2024-01-17T01:05:22Z</datestamp><setSpec>com_10259_8005</setSpec><setSpec>com_10259_5086</setSpec><setSpec>com_10259_2604</setSpec><setSpec>col_10259_8006</setSpec></header><metadata><record xmlns="http://www.loc.gov/MARC21/slim" xmlns:doc="http://www.lyncode.com/xoai" xmlns:xsi="http://www.w3.org/2001/XMLSchema-instance" xmlns:dcterms="http://purl.org/dc/terms/" xsi:schemaLocation="http://www.loc.gov/MARC21/slim http://www.loc.gov/standards/marcxml/schema/MARC21slim.xsd">
<leader>00925njm 22002777a 4500</leader>
<datafield tag="042" ind1=" " ind2=" ">
<subfield code="a">dc</subfield>
</datafield>
<datafield tag="720" ind1=" " ind2=" ">
<subfield code="a">Llera Ramo, Francisco José</subfield>
<subfield code="e">author</subfield>
</datafield>
<datafield tag="720" ind1=" " ind2=" ">
<subfield code="a">Leonisio Calvo, Rafael</subfield>
<subfield code="e">author</subfield>
</datafield>
<datafield tag="720" ind1=" " ind2=" ">
<subfield code="a">García Rabadán, Jonatan</subfield>
<subfield code="e">author</subfield>
</datafield>
<datafield tag="720" ind1=" " ind2=" ">
<subfield code="a">Pérez Castaños, Sergio</subfield>
<subfield code="e">author</subfield>
</datafield>
<datafield tag="260" ind1=" " ind2=" ">
<subfield code="c">2014-10</subfield>
</datafield>
<datafield tag="520" ind1=" " ind2=" ">
<subfield code="a">Las elecciones autonómicas vascas de 2012, las primeras celebradas tras el abandono de la violencia por parte de ETA, supusieron un vuelco político debido a la gran subida de la izquierda&#xd;
abertzale y la vuelta a la clara hegemonía que los partidos nacionalistas habían gozado en los&#xd;
años 80. Además, fueron testigos de una inédita reducción del número de fuerzas políticas. En&#xd;
este artículo se analiza si dichos cambios son debidos a razones coyunturales o si nos encontramos ante un cambio estructural en el panorama político vasco caracterizado, hasta entonces,&#xd;
por el equilibrio entre bloques y el pluralismo polarizado en su sistema de partidos.</subfield>
</datafield>
<datafield tag="520" ind1=" " ind2=" ">
<subfield code="a">The Basque regional elections (first ones until ETA decided to put down weapons) became an&#xd;
electoral flip due to the great increase of the Basque patriotic left which supposed a return to the&#xd;
80’s political scenario when Basque nationalist parties were hegemonic. Besides, these elections&#xd;
gave a reduction of political parties seated in the regional Parliament. This article analyzes if&#xd;
those changes are due to timely reasons or whereas we are facing a structural change in Basque&#xd;
party system, which was characterized by bloc equilibrium and polarized pluralism.</subfield>
</datafield>
<datafield tag="024" ind2=" " ind1="8">
<subfield code="a">0210-0223</subfield>
</datafield>
<datafield tag="024" ind2=" " ind1="8">
<subfield code="a">http://hdl.handle.net/10259/8352</subfield>
</datafield>
<datafield ind1=" " ind2=" " tag="653">
<subfield code="a">País Vasco</subfield>
</datafield>
<datafield ind1=" " ind2=" " tag="653">
<subfield code="a">Elecciones</subfield>
</datafield>
<datafield ind1=" " ind2=" " tag="653">
<subfield code="a">Nacionalismo</subfield>
</datafield>
<datafield ind1=" " ind2=" " tag="653">
<subfield code="a">Sistema de partidos</subfield>
</datafield>
<datafield ind1=" " ind2=" " tag="653">
<subfield code="a">Basque Country</subfield>
</datafield>
<datafield ind1=" " ind2=" " tag="653">
<subfield code="a">Elections</subfield>
</datafield>
<datafield ind1=" " ind2=" " tag="653">
<subfield code="a">Nationalism</subfield>
</datafield>
<datafield ind1=" " ind2=" " tag="653">
<subfield code="a">Party system</subfield>
</datafield>
<datafield tag="245" ind1="0" ind2="0">
<subfield code="a">Las elecciones autonómicas vascas de 2012. Alternancia en un nuevo ciclo político</subfield>
</datafield>
</record></metadata></record></GetRecord></OAI-PMH>